000 00517nam a22001697a 4500
005 20231121094442.0
008 231121b |||||||| |||| 00| 0 eng d
020 _a0888201052
041 _aEnglish
082 _a342.8 TAR
100 _aTarnopolsky, WS
_lEnglish
245 _aDiscrimination and The Law in Canada /
_cWS Tarnopolsky
260 _aCanada :
_bRichard De Boo Ltd,
_c1982
300 _bvii, 595 pages ;
_c24,5 cm.
650 _aLegal practice
_bLaw
942 _cBK
_6ALISON_BN_VRIES
999 _c831
_d831